Southville International School and Colleges
Your cart is empty.
  • Cart
  • Lists
    Public lists Eva Luna New books Lux_list list_1
    Your lists Log in to create your own lists
  • Log in to your account
  • Your cookies
  • Search history
Southville International School and Colleges
  • Advanced search
  • Recent comments
  • Most popular
  • Libraries

Log in to your account

Log in with GOOGLE


If you do not have an external account, but do have a local account, you can still log in:

  1. Home
  2. MARC view: Teaching primary English /
Normal view MARC view ISBD view

Teaching primary English / (Record no. 117396)

[ view plain ]
MARC details
000 -LEADER
fixed length control field 00429nam a2200157Ia 4500
008 - FIXED-LENGTH DATA ELEMENTS--GENERAL INFORMATION
fixed length control field 140527s9999 xx 000 0 und d
050 ## - LIBRARY OF CONGRESS CALL NUMBER
Classification number LB 1576
Item number .B766 2012
100 ## - MAIN ENTRY--PERSONAL NAME
Personal name Brien, Jackie
245 ## - TITLE STATEMENT
Title Teaching primary English /
Statement of responsibility, etc Jackie Brien.
260 ## - PUBLICATION, DISTRIBUTION, ETC. (IMPRINT)
Place of publication, distribution, etc London :
Name of publisher, distributor, etc Sage Publications,
Date of publication, distribution, etc c2012.
300 ## - PHYSICAL DESCRIPTION
Extent 210 p. :
Other physical details ill. ;
Dimensions 25 cm.
500 ## - GENERAL NOTE
General note Includes index.
521 ## - TARGET AUDIENCE NOTE
Target audience note
942 ## - ADDED ENTRY ELEMENTS (KOHA)
Call number prefix Foreign
Koha item type Books
Holdings
Withdrawn status Lost status Damaged status Home library Current library Shelving location Date acquired Cost, normal purchase price Total Checkouts Full call number Barcode Date last seen Date checked out Price effective from Koha item type
      College Library College Library Reserve Section 05/28/2014 2719.00 1 LB 1576 .B766 2012 C18004 05/15/2018 06/13/2014 05/28/2014 Books

Teaching primary English /

APA

Brien J., . (2012). Teaching primary English. London: Sage Publications.

Chicago

Brien Jackie, . 2012. Teaching primary English. London: Sage Publications.

Harvard

Brien J., . (2012). Teaching primary English. London: Sage Publications.

MLA

Brien Jackie, . Teaching primary English. London: Sage Publications. 2012.

  • Place hold
  • Print
  • Cite
  • Add to your cart (remove)
  • Save record
    BIBTEX Dublin Core MARCXML MARC (non-Unicode/MARC-8) MARC (Unicode/UTF-8) MARC (Unicode/UTF-8, Standard) MODS (XML) RIS
  • More searches
    Search for this title in:
    Other Libraries (WorldCat) Other Databases (Google Scholar) Online Stores (Bookfinder.com) Open Library (openlibrary.org)

Exporting to Dublin Core...

SOUTHVILLE LIBRARY

Southville International School and Colleges Library

1281 Tropical Ave. Cor. Luxembourg St., BF Homes International, Las Pinas City

Tel. No. 8256374 / 252358 Loc. 117/146

Powered by Koha